Gracie Abrams - Paroles us. (feat. Taylor Swift) - Statistiques

Statistiques générales
  • Ce quiz a été pris 89 fois
  • Le résultat moyen est 252 sur 331
Statistiques - réponses
Hint Réponse % Correct
a
98%
Couplet 1 | Couplet 2 I
98%
you
96%
You
96%
you,
96%
(You)
96%
Refrain Do
95%
do
95%
It
95%
it,
95%
it
95%
it)
95%
felt
93%
(Ooh)
93%
an
91%
And
91%
and
91%
know
91%
like
91%
the
91%
The
91%
us,
91%
us?
91%
us
91%
Us
91%
(Us),
91%
(Us)
91%
Refrain Us,
91%
so
87%
So
87%
miss
85%
we're
85%
were
85%
your
84%
if
82%
just
82%
me
82%
(Me)
82%
of
82%
of,
82%
be
80%
in
80%
talkin'
78%
what
78%
"What
78%
held
75%
night,
75%
on
75%
was
75%
was,
75%
Babylon
73%
end
73%
mine?
73%
mine
73%
old
73%
see
73%
somethin'
73%
up
73%
always
71%
ashes
71%
clear,
71%
joke
71%
lovers
71%
secret
71%
you'll
71%
(you'll
71%
flame
69%
never
69%
You're
69%
false
67%
hell
67%
Bridge That
67%
history's
65%
how
65%
poetry
65%
through
65%
watchin'
65%
when
65%
my
64%
profits
64%
They
64%
Wonder
64%
doin'?"
62%
gave
62%
miracle,
62%
now
62%
regret
62%
smoke
62%
sonnets
62%
years
62%
don't
60%
ghost
60%
hangin'
60%
her
60%
prophets
60%
show,
60%
show
60%
can
58%
Refrain Did
58%
ends
58%
flames
58%
10
56%
29
56%
cold
56%
curse
56%
I've
56%
months
56%
could've
55%
from
55%
fuck,
55%
learned
55%
line
55%
play
55%
plus
55%
(Plus)
55%
read
55%
Bly
53%
for
53%
give
53%
known
53%
make
53%
mind
53%
missed
53%
or
53%
past
53%
ruins
53%
someone
53%
calls
51%
ironic
51%
margins
51%
Robert
51%
home?
49%
open
49%
nightstand,
47%
seemed
47%
shame,
47%
vine
47%
She'll
45%
fate
44%
fate,
44%
holy,
44%
kind,
44%
oracle
44%
sometimes,
44%
best
42%
chemical
42%
gifts
42%
well,
42%
becomes
40%
incomparable,
40%
pain
38%
souls
38%
way
38%
bleedin',
36%
lifetimes
36%
reign
36%
Mistaken
35%
outline,
35%
strangers
35%
hearse
31%
fеlt
2%
Aucun quiz correspondant
Distribution des résultats
% des personnes avec chaque résultat
Percentile par nombre de réponses
Votre historique - résultats
Vous n’avez pas pris ce quiz